| 000 | 01248nam0a2200325 4500 | ||
|---|---|---|---|
| 001 | RU\NLR\bibl\1761072 | ||
| 005 | 20260406144812.0 | ||
| 010 |
_a978-5-9973-1134-6 _91000 |
||
| 021 |
_aRU _b2011-23110 _91634 |
||
| 035 | _a(NLR Aleph) 001751887 | ||
| 090 |
_a1524039 _c1524039 |
||
| 100 | _a20110419d2010 |||y0rusy50 ca | ||
| 101 | 0 | _arus | |
| 102 | _aRU | ||
| 105 | _ay ||||||||| | ||
| 200 | 1 |
_aМонолог Есенина _fЛариса Богданова |
|
| 210 |
_aМосква _cСпутник+ _d2010 |
||
| 215 |
_a118 с. _d20 |
||
| 600 | 1 |
_aЕсенин _bС.А. _f1895 - 1925 _gСергей Александрович _xв художественной литературе _91041224 _3RU\NLR\auth\66400973 |
|
| 686 | _aШ6(2=Р)8-443 | ||
| 686 | _aШ5(2=Р)7-4Есенин | ||
| 700 | 1 |
_4070 _7ca _8rus _aБогданова _bЛ. Ф. _cписатель, педагог _gЛариса Филипповна _917620 _3RU\NLR\AUTH\7734617 |
|
| 702 | 1 |
_4570 _7ca _8rus _aЕсенин _bС. А. _f1895-1925 _gСергей Александрович _9114357 _3RU\NLR\auth\774376 |
|
| 801 | 0 |
_aRU _bNLR _c20110419 _gRCR |
|
| 801 | 1 |
_aRU _bNLR _c20110419 |
|
| 942 | _cBOOK | ||
| 980 | _aNB | ||